Statistics for League of Legends Chamipons Lore

Click here to take the quiz!

General Stats

  • This quiz has been taken 14 times
  • The average score is 10 of 15

Answer Stats

HintAnswer% Correct
Brother of LuxGaren
90%
Sister of MorganaKayle
90%
Master of KaynZed
90%
Drunk GiantGragas
80%
Grand General of NoxusSwain
80%
Husband of AsheTryndamere
80%
Mentor of TaliyahYasuo
80%
Dead CaptainGangplank
70%
Invincible BarbarianOlaf
70%
Crazy Person from ZaunJinx
60%
Eternal HuntersKindred
60%
Night HunterVayne
50%
Shepherd of SoulsYorick
50%
Aspect of TwilightZoe
50%
Dark SovereignSyndra
40%

Score Distribution

Percentile by Number Answered

Percent of People with Each Score

Your Score History

You have not taken this quiz